| 000 | 00371nam a2200133Ia 4500 | ||
|---|---|---|---|
| 008 | 150202s9999 xx 000 0 und d | ||
| 020 | _a733520774 | ||
| 050 |
_aFIC _bFIC |
||
| 100 | _aFerrarella, Marie. | ||
| 245 |
_aExpecting… in Texas / _cMarie Ferrarella. |
||
| 260 |
_aAustralia : _bHarlequin Books, _c1999. |
||
| 300 |
_a242 pages : _c18 cm. |
||
| 650 | _aFiction. | ||
| 999 |
_c282005 _d282005 |
||